000 00437nam a2200169 i 4500
001 bg
100 1 _aKOROLEV, A. I.
245 0 _aOsnovy eksploatacii i remonta avtomobilej /
_cA.I. Korolev, E.A. Dżuromskaja.
250 _aIzd.3 pererab. i dopol.
260 _aMoskva,
_c1972.
700 1 _aDŻUROMSKAJA, E. A.
040 _cBPK
041 _apol
080 _a656.13
942 _cKS
008 s pl f |000 0 pol
999 _c15380
_d15380
856 _uhttp://koha.tu.koszalin.pl/cgi-bin/koha/opac-detail.pl?biblionumber=15380
_yKatalog online BPK